000 00766nam a22002292 4500
001 0000007126
005 20151217145834.0
008 071119s xx 000 0 eng d
020 _a0070586691 :
_cKES 1050
040 _aKABU
_cKABU
100 1 _aBowersox, Donald J.
_@0000158195
245 1 0 _aStrategic marketing channel management /
_cDonald J. Bowersox, M. Bixby Cooper.
260 _aNew Delhi :
_bTata McGraw-Hill,
_c1992.
300 _axix, 488 p.
650 0 _aMarketing channels
_xManagement.
_@0000148300
650 0 _aBusiness logistics.
_@0000148287
650 0 _aPhysical distribution of goods.
_@0000158196
700 1 _aCooper, M. Bixby.
_@0000158197
908 _a071119
950 _@1
999 _c3159
_d3159